Gwiazdy lat 70. XX wieku według zdjęć #1 - Statystyki

Ogólne statystyki
  • Ten quiz został rozwiązany 21 razy
  • Średni wynik to 7 z 16
Statystyki odpowiedzi
Obrazkowy Odpowiedź % Poprawnych
John Travolta
90%
David Bowie
85%
Cher
80%
Richard Nixon
80%
Roger Moore
60%
Barry Gibb
50%
Burt Reynolds
45%
Andy Warhol
40%
Farrah Fawcett
40%
Goldie Hawn
40%
Steve McQueen
40%
Henry Kissinger
35%
Marvin Gaye
15%
Lynda Carter
5%
Dick Clark
0%
Henry Winkler
0%
Nie znaleziono quizów pasujących do podanych kryteriów
Rozkład punktacji
Procent ludzi z każdym wynikiem
Percentyl według liczby udzielonych odpowiedzi
Twoja historia wyników
Nie rozwiązałeś tego quizu